Islamism in the shadow of al-Qaeda / (Record no. 30922)
[ view plain ]
| 000 -LEADER | |
|---|---|
| fixed length control field | 02305cam a2200397 a 4500 |
| 001 - CONTROL NUMBER | |
| control field | 15272253 |
| 003 - CONTROL NUMBER IDENTIFIER | |
| control field | EG-ScBUE |
| 005 - DATE AND TIME OF LATEST TRANSACTION | |
| control field | 20250224103220.0 |
| 008 - FIXED-LENGTH DATA ELEMENTS--GENERAL INFORMATION | |
| fixed length control field | 080422s2009 ua f b 001 0 eng d |
| 020 ## - INTERNATIONAL STANDARD BOOK NUMBER | |
| International Standard Book Number | 9789774162749 |
| 040 ## - CATALOGING SOURCE | |
| Original cataloging agency | DLC |
| Language of cataloging | eng |
| Description conventions | rda |
| Transcribing agency | DLC |
| Modifying agency | DLC |
| -- | EG-ScBUE |
| 041 1# - LANGUAGE CODE | |
| Language code of text/sound track or separate title | eng |
| Language code of original and/or intermediate translations of text | fre |
| 043 ## - GEOGRAPHIC AREA CODE | |
| Geographic area code | f------ |
| -- | a------ |
| 082 04 - DEWEY DECIMAL CLASSIFICATION NUMBER | |
| Classification number | 320.557 |
| Edition number | 22 |
| Item number | BUR |
| 100 1# - MAIN ENTRY--PERSONAL NAME | |
| Personal name | Burgat, François, |
| Relator term | author. |
| 240 10 - UNIFORM TITLE | |
| Uniform title | <a href="Islamisme à l'heure d'Al-Qaida.">Islamisme à l'heure d'Al-Qaida.</a> |
| Language of a work | English |
| 245 10 - TITLE STATEMENT | |
| Title | Islamism in the shadow of al-Qaeda / |
| Statement of responsibility, etc | François Burgat ; translated by Patrick Hutchinson. |
| 264 #1 - PUBLICATION, DISTRIBUTION, ETC. (IMPRINT) | |
| Place of publication, distribution, etc | Cairo : |
| Name of publisher, distributor, etc | The American University in Cairo Press, |
| Date of publication, distribution, etc | 2009. |
| 300 ## - PHYSICAL DESCRIPTION | |
| Extent | xiv, 182 pages ; |
| Dimensions | 24 cm |
| 336 ## - CONTENT TYPE | |
| Source | rdacontent |
| Content type term | text |
| Content type code | txt |
| 337 ## - MEDIA TYPE | |
| Source | rdamedia |
| Media type term | unmediated |
| Media type code | n |
| 338 ## - CARRIER TYPE | |
| Source | rdacarrier |
| Carrier type term | volume |
| Carrier type code | nc |
| 504 ## - BIBLIOGRAPHY, ETC. NOTE | |
| Bibliography, etc | Includes bibliographical references and index. |
| 505 0# - FORMATTED CONTENTS NOTE | |
| Formatted contents note | Translator's note and acknowledgments -- Introduction -- The identity matrix of "Muslim-speak" -- From national struggle to the disillusionments of "recolonization" : the triple temporality of Islamism -- The Islamist field between national specificity and transnationalization -- Red Sea secrets or Islamism without colonization -- The brothers and the salafis : between modernization and literalism, with or without radicalization -- Islamic radicalization : between religious sectarianism and political counterviolence -- From Sayyid Qutb to Mohammed Atta : sectarianism or political counterviolence? -- From fears inherited to fears exploited : the war of representations -- Hard power and imposed reform : the illusions of the western response to Islamism -- Conclusion : against terrorism -- The absolute weapon? -- Appendix : the Islamists as seen by the West in 1992. |
| 546 ## - LANGUAGE NOTE | |
| Language note | Text in English ; translated from the original French language.<br/> |
| 650 #7 - SUBJECT ADDED ENTRY--TOPICAL TERM | |
| Topical term or geographic name as entry element | Arab nationalism. |
| Source of heading or term | BUEsh |
| 650 #7 - SUBJECT ADDED ENTRY--TOPICAL TERM | |
| Topical term or geographic name as entry element | Group identity |
| Geographic subdivision | Islamic countries |
| General subdivision | History |
| Chronological subdivision | 20th century. |
| Source of heading or term | BUEsh |
| 650 #7 - SUBJECT ADDED ENTRY--TOPICAL TERM | |
| Topical term or geographic name as entry element | Terrorism. |
| Source of heading or term | BUEsh |
| 653 ## - INDEX TERM--UNCONTROLLED | |
| Arrived date list | February2025 |
| Resource For college | BAEPS, Political Science |
| 655 ## - INDEX TERM--GENRE/FORM | |
| Form subdivision | Reading book |
| 700 1# - ADDED ENTRY--PERSONAL NAME | |
| Personal name | Hutchinson, Patrick, |
| Relator term | translator. |
| 856 41 - ELECTRONIC LOCATION AND ACCESS | |
| Materials specified | Table of contents only |
| Uniform Resource Identifier | <a href="http://www.loc.gov/catdir/toc/ecip0816/2008018323.html">http://www.loc.gov/catdir/toc/ecip0816/2008018323.html</a> |
| 906 ## - LOCAL DATA ELEMENT F, LDF (RLIN) | |
| a | 7 |
| b | cbc |
| c | orignew |
| d | 1 |
| e | ecip |
| f | 20 |
| g | y-gencatlg |
| 942 ## - ADDED ENTRY ELEMENTS (KOHA) | |
| Source of classification or shelving scheme | Dewey Decimal Classification |
| Koha item type | Book - Borrowing |
| Withdrawn status | Lost status | Source of classification or shelving scheme | Damaged status | Not for loan | Collection code | Home library | Current library | Shelving location | Date acquired | Source of acquisition | Cost, normal purchase price | Serial Enumeration / chronology | Total Checkouts | Full call number | Barcode | Date last seen | Cost, replacement price | Price effective from | Koha item type |
|---|---|---|---|---|---|---|---|---|---|---|---|---|---|---|---|---|---|---|---|
| Dewey Decimal Classification | Alahram | Central Library | Central Library | First floor | 24/02/2025 | Purchase | 120.00 | 148 | 320.557 BUR | 000057285 | 15/07/2025 | 150.00 | 24/02/2025 | Book - Borrowing |